Nájomné ako zdroj príjmov u fyzických osôb
Rozdiely pri zdaňovaní prenájmu podľa 7, 9 a 10 ZDP - príklady. Ďalšie problémy pri prenájme. Príklady nájmov u nerezidentov a spoluvlastníkov.
Enregistré dans:
| Auteur principal: | |
|---|---|
| Format: | Chapitre de livre |
| Langue: | slovaque |
| Sujets: | |
| Tags: |
Pas de tags, Soyez le premier à ajouter un tag!
|
MARC
| LEADER | 00000naa a2200000 4500 | ||
|---|---|---|---|
| 001 | r044754 | ||
| 005 | 20231002123307.1 | ||
| 041 | 0 | |a slo | |
| 044 | |a SK | ||
| 245 | 1 | 0 | |a Nájomné ako zdroj príjmov u fyzických osôb |c Darina Salanciová |
| 520 | |a Rozdiely pri zdaňovaní prenájmu podľa 7, 9 a 10 ZDP - príklady. Ďalšie problémy pri prenájme. Príklady nájmov u nerezidentov a spoluvlastníkov. | ||
| 610 | 2 | 0 | |a prenájom |
| 610 | 2 | 0 | |a zdaňovanie |
| 610 | 2 | 0 | |a osoby fyzické |
| 610 | 2 | 0 | |a nerezidenti |
| 610 | 2 | 0 | |a spoluvlastníci |
| 610 | 2 | 0 | |a spoluvlastníctvo |
| 610 | 2 | 0 | |a úpravy právne |
| 100 | 1 | |a Salanciová, Darina | |